000 00414nam a2200157Ia 4500
008 230917s9999||||xx |||||||||||||| ||und||
040 _e228272
_aMAIN
041 _aEnglish
082 _a005.8 F74C(3)
100 _aForouzan, Behrouz A
245 0 _aCryptography and network security
250 _a3rd ed.
260 _aNew Delhi
_bMcGraw Hill Education (India)
_c2015
300 _axxiv, 674 p.
942 _cBK
999 _c180177
_d180177